Представление документа в формате RUSMARC

ПолеНазваниеЗначение
  Тип записи a
  Библиографический уровень a
001 Контрольный номер RU/IS/BASE/477663436
005 Дата корректировки 20240209175146.2
010 Индекс ISBN __
b Уточнения в пер.
d Цена р. к.
100 Данные общей обработки __
a Данные общей обработки 20150219d2015 ||| 0rusy0189 ca
101 Язык документа 0_
a Язык текста rus
102 Страна публикации __
a Страна публикации RU
105 Кодированные данные (монография) __
a Кодированные данные (монография) y###||||000|y
200 Заглавие и сведения об ответственности 1_
a Заглавие Тайна Царевны-лягушки
b Общее обозначение материала Текст
e Сведения, относящиеся к заглавию [о музее Царевны-лягушки в городе Ростове Великом]
f Первые сведения об ответственности Н. Лескова
300 Общие примечания __
a Общие примечания Ограничения по возрасту - 6+
461 Уровень набора _0
1 2000
a Чудеса и приключения - детям
463 Уровень физической единицы _0
1 001RU/CBS_Ul/BASE/475857633
1 2000
a № 1
v С. 11-13.: ил.
1 210
d 2015
606 Тематические рубрики 0_
a Основная рубрика Музеи - Российская Федерация
y Географическая подрубрика Ростов, город (Ярославская область)
610 Ключевые слова 0_
a Ключевые слова Царевна-лягушка
a Ключевые слова легенды
a Ключевые слова музеи российские
a Ключевые слова сказочные персонажи
686 Индексы других классификаций __
a Классификационный индекс 79.1
2 Код системы ББК
700 Автор _0
a Фамилия Лескова
b Имя (инициалы) Н.
g Полное личное имя Наталия
801 Источник записи _0
a Страна RU
b Организация МБУК ЦБС
c Дата составления 20150219
g Правила каталогизации RCR
801 Источник записи _1
a Страна RU
b Организация МБУК ЦБС г. Ульяновска
c Дата составления 20150219
g Правила каталогизации RCR
901 Тип документа __
t Тип документа b
w Контрольный № источника RU/CBS_Ul/BASE/475857633
910 Корректоры записи __
a Корректор записи admin2
938 Служебная информация __
a Имя БД period